| 000 | 00650nam a22002057a 4500 | ||
|---|---|---|---|
| 005 | 20170127112233.0 | ||
| 010 | _a ENG-117187 | ||
| 020 |
_c80.00 _a9788179664155 |
||
| 035 | _aEN-100719 | ||
| 037 | _bDBAD/PUB | ||
| 082 | _a793.73 | ||
| 100 | _aPhillips,Charles | ||
| 245 |
_aHow to think 50 brain-tranning puzzles to change the way you think Objective Thinking / _cby Charles Phillips |
||
| 260 |
_aChennai _bEmerald Publishers _c2016 |
||
| 270 |
_a15A,First Floor, CasaMajor Road Egmore _bChennai _e600008 |
||
| 300 |
_a96p. _c18cm(pbk) |
||
| 700 | _aShah,Nila | ||
| 700 | _aDave, Pratik | ||
| 942 |
_2ddc _cEN _h793.73 _mPHI |
||
| 999 |
_c137256 _d137256 |
||